Catálogo

Food and feed safety systems and analysis / (Registro nro. 69880)

Detalles MARC
000 -LEADER
fixed length control field 01284nam a2200325 i 4500
001 - CONTROL NUMBER
control field 69880
003 - CONTROL NUMBER IDENTIFIER
control field Mx-PuUPA
005 - DATE AND TIME OF LATEST TRANSACTION
control field 20220822105811.0
008 - FIXED-LENGTH DATA ELEMENTS--GENERAL INFORMATION
fixed length control field 220801s2018 uk a|||gr|||| 00| 0 eng d
020 ## - INTERNATIONAL STANDARD BOOK NUMBER
International Standard Book Number 9780128118351
040 ## - CATALOGING SOURCE
Original cataloging agency Mx-PuUPA
Language of cataloging spa
Transcribing agency Mx-PuUPA
Modifying agency Mx-PuUPA
Description conventions rda
041 0# - LANGUAGE CODE
Language code of text/sound track or separate title eng
245 10 - TITLE STATEMENT
Title Food and feed safety systems and analysis /
Statement of responsibility, etc. edited by Steven C. Rickie, Griffiths G. Atungulu, Chase E. Rainwater, Si Hong Park
264 #1 - PRODUCTION, PUBLICATION, DISTRIBUTION, MANUFACTURE, AND COPYRIGHT NOTICE
Place of production, publication, distribution, manufacture United Kingdom :
Name of producer, publisher, distributor, manufacturer Elsevier, Inc.,
Date of production, publication, distribution, manufacture, or copyright notice ©2018
300 ## - PHYSICAL DESCRIPTION
Extent xvii, 406 páginas :
Other physical details ilustraciones, diagramas, tablas ;
Dimensions 23 cm
336 ## - CONTENT TYPE
Fuente rdacontent
Content type term texto
Content type code txt
337 ## - MEDIA TYPE
Source rdamedia
Media type term sin medio
Media type code n
338 ## - CARRIER TYPE
Source rdacarrier
Carrier type term volumen
Carrier type code nc
650 #7 - SUBJECT ADDED ENTRY--TOPICAL TERM
Source of heading or term armarc
Topical term or geographic name entry element Industria de alimentos para mascotas
General subdivision Medidas de seguridad
650 #7 - SUBJECT ADDED ENTRY--TOPICAL TERM
Source of heading or term armarc
Topical term or geographic name entry element Industria y comercio de alimentos
General subdivision Medidas de seguridad
650 #7 - SUBJECT ADDED ENTRY--TOPICAL TERM
Source of heading or term armarc
Topical term or geographic name entry element Alimentos
General subdivision Medidas de seguridad
700 1# - ADDED ENTRY--PERSONAL NAME
Personal name Rickie, Steven C.,
Relator term editor
700 1# - ADDED ENTRY--PERSONAL NAME
Personal name Atungulu, Griffiths G.,
Relator term editor
700 1# - ADDED ENTRY--PERSONAL NAME
Personal name Rainwater, Chase E.,
Relator term editor
700 1# - ADDED ENTRY--PERSONAL NAME
Personal name Park, Si Hong,
Relator term editor
942 ## - ADDED ENTRY ELEMENTS (KOHA)
Source of classification or shelving scheme Dewey Decimal Classification
Koha item type Libro
Classification part 363.1926
Item part F686
Existencias
Withdrawn status Lost status Source of classification or shelving scheme Damaged status Not for loan Collection code Home library Current library Shelving location Date acquired Source of acquisition Cost, normal purchase price Total Checkouts Full call number Barcode Date last seen Cost, replacement price Price effective from Koha item type
    Dewey Decimal Classification     General Biblioteca Karol Wojtyla Biblioteca Karol Wojtyla Sala general 06/08/2024 2 3031.29   363.1926 F686 2018 102968 05/01/2026 3031.29 06/08/2024 Libro